• 首页
  • 本馆介绍
  • 公告通知
  • 最新文献
  • 馆藏检索
  • 电子资源
  • 读者导购
  • 参考咨询
  • 我的图书馆
  • 登录
  • 详细信息显示
  • 放入我的书架
  • 预约/预借图书
  • 作者相关作品
  • 分类相关作品
  • 丛书相关作品
  • 出版社相关作品

书目信息

  • 表格格式
  • 工作单格式
  • 卡片格式
题名:
生理学实验与学习指导
    
 
作者: 姚和翠 主编
分册:  
出版信息: 镇江   江苏大学出版社  2015.12
页数: 189页
开本: 26cm
丛书名: 医药卫生类专业“十二五”规划教材
单 册:
中图分类: Q4-33
科图分类:
主题词: 生理学--sheng li xue--实验--医学院校--教学参考资料
电子资源:
ISBN: 978-7-5684-0110-4
000 01120nam 2200265 450
001 012001001636
005 20131108153017.0
010    @a978-7-5684-0110-4@dCNY35.00
099    @aCAL 012016071625
100    @a20160614d2015 em y0chiy50 ea
101 0  @achi
102    @aCN@b320000
105    @aak z 000yy
106    @ar
200 1  @a生理学实验与学习指导@Asheng li xue shi yan yu xue xi zhi dao@f主编姚和翠
210    @a镇江@c江苏大学出版社@d2015.12
215    @a189页@c图@d26cm
225 2  @a医药卫生类专业“十二五”规划教材@Ayi yao wei sheng lei zhuan ye “ shi er wu ” gui hua jiao cai
330    @a本书主要介绍了生理学实验的相关知识及生理学学习指导,分上、下两篇。上篇为生理学实验,包括生理学实验总论、细胞的基本功能实验、血液系统实验、循环系统实验、呼吸系统实验、消化系统实验、能量代谢与体温实验、泌尿系统实验、感觉系统实验、神经系统实验及内分泌系
410  0 @12001 @a医药卫生类专业“十二五”规划教材
606 0  @a生理学@Asheng li xue@x实验@x医学院校@j教学参考资料
690    @aQ4-33@v5
701  0 @a姚和翠@Ayao he cui@4主编
801  0 @aCN@b北京卓展@c20191020
905    @b1198712-5@dQ4-33@e34@f4
    
    生理学实验与学习指导/主编姚和翠.-镇江:江苏大学出版社,2015.12
    189页:图;26cm.-(医药卫生类专业“十二五”规划教材)
    
    
    ISBN 978-7-5684-0110-4:CNY35.00
    本书主要介绍了生理学实验的相关知识及生理学学习指导,分上、下两篇。上篇为生理学实验,包括生理学实验总论、细胞的基本功能实验、血液系统实验、循环系统实验、呼吸系统实验、消化系统实验、能量代谢与体温实验、泌尿系统实验、感觉系统实验、神经系统实验及内分泌系
●
相关链接 在E读中查询图书 在五车中查询图书 在当当中查询图书 在豆瓣中查询图书


正题名:生理学实验与学习指导     索取号:Q4-33/34         预约/预借

序号 登录号 条形码 馆藏地/架位号 状态 备注
1 1198712   211987126   第二样本阅览室/ [索取号:Q4-33/34] 在馆    
2 1198713   211987135   第三借阅区/ [索取号:Q4-33/34] 在馆    
3 1198714   211987144   第三借阅区/ [索取号:Q4-33/34] 在馆    
4 1198715   211987153   第三借阅区/ [索取号:Q4-33/34] 在馆    
唐山师范学院图书馆 欢迎您!
大连网信软件有限公司© 版权所有